Select the landlocked countries - Sudden death - Statistics

General Stats
  • This quiz has been taken 45 times
  • The average score is 11 of 15
Answers on the Grid
Answers color-coded by a green-red scale on the quiz's grid according to % correct below.
Australia
Switzerland
Mexico
China
Austria
Bolivia
Nigeria
New Zealand
Russia
Mongolia
Chad
UK
Iceland
Indonesia
Uzbekistan
Brazil
India
Liechtenstein
Botswana
South Africa
Burkina Faso
Ukraine
Afghanistan
Armenia
Ireland
Nepal
Vatican City
Bhutan
Argentina
Tajikistan
Canada
USA
 
Answer Stats
Answer % Correct
Switzerland
91%
Austria
83%
Mongolia
83%
Chad
74%
Liechtenstein
74%
Bolivia
71%
Nepal
71%
Vatican City
71%
Bhutan
69%
Tajikistan
66%
Uzbekistan
66%
Botswana
63%
Burkina Faso
63%
Armenia
60%
Afghanistan
57%
No matching quizzes found
Score Distribution
Percent of People with Each Score
Percentile by Number Answered
Your Score History
You have not taken this quiz